000 00310nam a22001337a 4500
008 181106b xxu||||| |||| 00| 0 eng d
020 _a0030583268
041 _aeng
080 _a510
100 _a37
101 _aMat
245 _aMathematics For Elementary School Teacher
_cGerber.m
942 _2udc
_cBK
999 _c52014
_d52014